[Event "Championnat de France - Open B"]
[Site "Val d'Isere"]
[Date "2002.08.24"]
[Round "5.5"]
[White "Aymeric, Claude"]
[Black "Boulan, Laura"]
[Result "1-0"]
[WhiteElo "1840"]
[BlackElo "1800"]
[PlyCount "95"]
[EventDate "2002.08.??"]
[SourceDate "2002.08.21"]

1. Nf3 Nf6 2. g3 d5 3. d4 e6 4. Bg2 c5 5. O-O Nc6 6. c4 Qb6 7. cxd5 Nxd5 8. e4
Nf6 9. d5 Ne7 10. d6 Ng6 11. e5 Nxe5 12. Nxe5 Qxd6 13. Qxd6 Bxd6 14. Nc4 Be7
15. Nc3 O-O 16. Bf4 Nd7 17. Bd6 Bxd6 18. Nxd6 Rb8 19. Rfd1 Ne5 20. Nce4 b6 21.
Nxc8 Rfxc8 22. Rac1 Rd8 23. b3 Rd4 24. Rxd4 cxd4 25. Nd2 h6 26. Nf3 Nxf3+ 27.
Bxf3 Rd8 28. Be4 d3 29. Rd1 d2 30. Kf1 f5 31. Bb7 Kf7 32. Ke2 e5 33. Rxd2 Rxd2+
34. Kxd2 e4 35. Ke3 Ke6 36. f3 exf3 37. Kxf3 Ke5 38. Ke3 g5 39. a4 f4+ 40.
gxf4+ gxf4+ 41. Kf3 Kf5 42. h4 a5 43. Bc8+ Ke5 44. Kg4 Ke4 45. Kh5 Ke5 46. Kxh6
Kf6 47. Bg4 Kf7 48. Kg5 1-0

[Event "Championnat de France - Open B"]
[Site "Val d'Isere"]
[Date "2002.08.25"]
[Round "6.1"]
[White "Favreau, Francois"]
[Black "Maillet, Arsene"]
[Result "1-0"]
[WhiteElo "1990"]
[BlackElo "1730"]
[PlyCount "137"]
[EventDate "2002.08.??"]
[SourceDate "2002.08.21"]

1. Nf3 d5 2. g3 c5 3. Bg2 Nc6 4. O-O e5 5. d3 Bd6 6. e4 d4 7. h3 Nge7 8. Na3 a6
9. Nc4 b5 10. Nxd6+ Qxd6 11. Nh2 O-O 12. f4 exf4 13. Bxf4 Qd7 14. Ng4 Ng6 15.
Qf3 Bb7 16. Bh6 f5 17. exf5 Nd8 18. Qe2 Re8 19. Qd2 Ne5 20. Nxe5 Rxe5 21. Bf4
Rxf5 22. Rae1 Bxg2 23. Qxg2 Nc6 24. g4 Rf7 25. Bg3 Raf8 26. Rxf7 Rxf7 27. Rf1
Rxf1+ 28. Qxf1 Nb4 29. Qg2 Qd5 30. Qe2 Kf7 31. a3 Nc6 32. Qf2+ Kg8 33. b3 c4
34. bxc4 bxc4 35. Qe2 Qd7 36. dxc4 h6 37. c5 Qd5 38. Bd6 Na5 39. Qxa6 Nc4 40.
Qc8+ Kf7 41. Qf5+ Qxf5 42. gxf5 Nxa3 43. c6 Nc4 44. Bc5 Ke8 45. Bxd4 Nd6 46.
Bxg7 Nxf5 47. Be5 Ke7 48. Kf2 Ke6 49. c7 Kd7 50. Kf3 Ne7 51. Kg4 Nc6 52. Bg3
Nd4 53. c3 Ne6 54. Kh5 Ng7+ 55. Kg6 Ne8 56. Kxh6 Nf6 57. Kg6 Nd5 58. Be5 Ne7+
59. Kg5 Ke6 60. Bh2 Kd5 61. h4 Ke6 62. h5 Kf7 63. h6 Kg8 64. Be5 Kh7 65. Kf6
Nc8 66. Bf4 Kg8 67. Ke6 Nb6 68. Kd6 Kf7 69. Kc6 1-0

[Event "Championnat de France - Open B"]
[Site "Val d'Isere"]
[Date "2002.08.25"]
[Round "6.2"]
[White "Rolland, Benjamin"]
[Black "L'Huillier, Helene"]
[Result "0-1"]
[WhiteElo "1980"]
[BlackElo "1780"]
[PlyCount "60"]
[EventDate "2002.08.??"]
[SourceDate "2002.08.21"]

1. e4 e5 2. Nf3 Nc6 3. d4 exd4 4. Nxd4 Bc5 5. Nxc6 Qf6 6. f4 dxc6 7. Nc3 Bd7 8.
Qf3 O-O-O 9. Bd2 Qh4+ 10. Qg3 Qxg3+ 11. hxg3 Nf6 12. e5 Ng4 13. Ne4 Bb6 14. Be2
a6 15. c4 Bd4 16. O-O-O Ne3 17. Bxe3 Bxe3+ 18. Kc2 Bf5 19. Bf3 g5 20. Rxd8+
Rxd8 21. Rh6 g4 22. Rf6 gxf3 23. gxf3 Bxe4+ 24. fxe4 Rd7 25. Rh6 Bf2 26. g4 Be3
27. Rf6 Kd8 28. b3 Ke7 29. a4 Rd2+ 30. Kc3 Rf2 0-1

[Event "Championnat de France - Open B"]
[Site "Val d'Isere"]
[Date "2002.08.25"]
[Round "6.3"]
[White "Brunel, Eric"]
[Black "Lejeune, Gael"]
[Result "0-1"]
[WhiteElo "1770"]
[BlackElo "1910"]
[PlyCount "124"]
[EventDate "2002.08.??"]
[SourceDate "2002.08.21"]

1. e4 c5 2. Nf3 Nc6 3. c3 d5 4. exd5 Qxd5 5. d4 cxd4 6. cxd4 Bf5 7. Nc3 Qa5 8.
Bb5 a6 9. Bxc6+ bxc6 10. O-O e6 11. a3 Bd6 12. Re1 Nf6 13. Ne5 Qc7 14. Qa4 O-O
15. h3 c5 16. Nf3 cxd4 17. Nxd4 Bg6 18. Qc6 Qxc6 19. Nxc6 Rfc8 20. Ne5 Rab8 21.
Nxg6 hxg6 22. Ne4 Nxe4 23. Rxe4 Rb3 24. Re3 Rcb8 25. Rxb3 Rxb3 26. Kf1 a5 27.
Ke2 a4 28. Kd2 e5 29. Kc2 Bc5 30. f3 e4 31. fxe4 Rg3 32. Bf4 Rxg2+ 33. Kc3 g5
34. Bc7 Re2 35. b4 axb3 36. Kxb3 Re3+ 37. Kc4 Bxa3 38. e5 Bb2 39. Ra8+ Kh7 40.
Kd5 Rd3+ 41. Ke4 Rxh3 42. Kf5 Bc1 43. Ra1 Bd2 44. Rf1 Rh4 45. e6 fxe6+ 46. Kxe6
Bf4 47. Be5 Kg6 48. Rg1 Bxe5 49. Kxe5 Kh5 50. Rf1 g4 51. Rf5+ g5 52. Kf6 Rh3
53. Rxg5+ Kh4 54. Rg7 Rf3+ 55. Ke5 Kh3 56. Ke4 Rf8 57. Ke3 g3 58. Rh7+ Kg2 59.
Rh5 Kg1 60. Ke2 g2 61. Rg5 Re8+ 62. Kf3 Kf1 0-1

[Event "Championnat de France - Open B"]
[Site "Val d'Isere"]
[Date "2002.08.25"]
[Round "6.4"]
[White "Rapin, Florian"]
[Black "Aymeric, Claude"]
[Result "1-0"]
[WhiteElo "1740"]
[BlackElo "1840"]
[PlyCount "79"]
[EventDate "2002.08.??"]
[SourceDate "2002.08.21"]

1. c4 Nf6 2. Nc3 g6 3. g3 Bg7 4. Bg2 O-O 5. e3 e5 6. Nge2 d6 7. O-O c6 8. Qb3
Na6 9. d4 Qe7 10. d5 c5 11. e4 Nh5 12. Bd2 f5 13. f3 Nf6 14. h3 Nc7 15. a4 Rb8
16. Nb5 a6 17. Nxc7 Qxc7 18. Qd3 Bd7 19. Kh2 Rbe8 20. b4 b6 21. b5 a5 22. Rae1
Rf7 23. g4 fxe4 24. fxe4 Ref8 25. Ng3 Kh8 26. g5 Ng8 27. Rxf7 Rxf7 28. Rf1 Rxf1
29. Qxf1 Qd8 30. Qf7 Qe8 31. Qxe8 Bxe8 {#} 32. Bxa5 Ne7 33. Bxb6 Nc8 34. Bc7
Bf8 35. a5 Bd7 36. b6 Nxb6 37. axb6 Bc8 38. h4 Be7 39. Bh3 Bb7 40. Bd7 1-0

[Event "Championnat de France - Open B"]
[Site "Val d'Isere"]
[Date "2002.08.25"]
[Round "6.5"]
[White "Storai, Thierry"]
[Black "Wimmer, Gregory"]
[Result "0-1"]
[WhiteElo "1670"]
[BlackElo "1840"]
[PlyCount "108"]
[EventDate "2002.08.??"]
[SourceDate "2002.08.21"]

1. c4 e6 2. Nc3 Nf6 3. d4 d5 4. cxd5 exd5 5. Nf3 Bb4 6. a3 Bxc3+ 7. bxc3 c6 8.
Bg5 Nbd7 9. e3 Qa5 10. Qb3 Ne4 11. Qb4 Qxb4 12. cxb4 b5 13. Bd3 a5 14. O-O Nxg5
15. Nxg5 h6 16. Nf3 O-O 17. Nd2 Nb6 18. Nb3 axb4 19. axb4 Bg4 20. h3 Be6 21.
Rfc1 Rxa1 22. Rxa1 Ra8 23. Rxa8+ Nxa8 24. Kf1 Nb6 25. Bb1 Na4 26. Ke1 Nc3 27.
Nd2 g6 28. f3 Kg7 29. Kf2 Bf5 30. e4 Be6 31. Ke3 dxe4 32. fxe4 f5 33. Kd3 Nxb1
34. Nxb1 fxe4+ 35. Ke3 Bd5 36. Nd2 Kf6 37. g4 g5 38. Nxe4+ Ke6 39. Nd2 Bg2 40.
Kf2 Bxh3 41. Kg3 Bxg4 42. Kxg4 Kd5 43. Nf3 Kc4 44. Ne5+ Kxb4 45. Nxc6+ Kc4 46.
Na7 b4 47. Nc6 Kc3 48. d5 b3 49. d6 b2 50. d7 b1=Q 51. d8=Q Qe4+ 52. Kh5 Qxc6
53. Qd1 Qe6 54. Qa1+ Kd3 0-1

[Event "Championnat de France - Open B"]
[Site "Val d'Isere"]
[Date "2002.08.25"]
[Round "6.6"]
[White "Louvrier-Saint-Mary, Jean-Roger"]
[Black "Caudiu, Eric"]
[Result "1-0"]
[WhiteElo "2000"]
[BlackElo "1820"]
[PlyCount "139"]
[EventDate "2002.08.??"]
[SourceDate "2002.08.21"]

1. b3 e5 2. Bb2 Nc6 3. e3 d6 4. Bb5 Bd7 5. c4 a6 6. Ba4 Rb8 7. Bxc6 Bxc6 8. Nf3
Nf6 9. O-O Be7 10. d4 e4 11. Nfd2 Bd7 12. Nc3 Bf5 13. Qc2 O-O 14. Ndxe4 Nxe4
15. Nxe4 Bg6 16. d5 f5 17. Nd2 b5 18. f4 bxc4 19. bxc4 c6 20. Nb3 cxd5 21. cxd5
Qb6 22. Bd4 Qb5 23. Rad1 Rfc8 24. Qb1 Bf8 25. Ba1 Qe2 26. Rfe1 Qg4 27. Qd3 Be8
28. Nd4 Rc5 29. Qxf5 Qxf5 30. Nxf5 g6 31. Ng3 Rc2 32. Re2 Rbc8 33. Kf2 Rxe2+
34. Kxe2 Bb5+ 35. Kd2 Rc5 36. e4 Bh6 37. Ne2 Bxe2 38. Kxe2 Rc2+ 39. Rd2 Rxd2+
40. Kxd2 Bxf4+ 41. Kc3 Bxh2 42. Kb4 Bg1 43. Ka5 Kf7 44. Kxa6 Ke7 45. a4 h5 46.
Bc3 Be3 47. Kb7 g5 48. a5 g4 49. Be1 Kf6 50. Bc3+ Ke7 51. a6 h4 52. a7 Bxa7 53.
Be1 Bd4 54. Bxh4+ Kd7 55. Bg3 Bc3 56. Kb6 Bd4+ 57. Kb5 Kc7 58. Kc4 Bf6 59. Kd3
Kd7 60. Ke3 Bg5+ 61. Bf4 Bf6 62. Kf2 Bh4+ 63. Ke3 Bf6 64. Bg3 Bg5+ 65. Kd4 Bf6+
66. e5 Bg7 67. Ke4 dxe5 68. Bxe5 Bh6 69. Kf5 g3 70. Bxg3 1-0

[Event "Championnat de France - Open B"]
[Site "Val d'Isere"]
[Date "????.??.??"]
[Round "6.60"]
[White "Alexandre, Roland"]
[Black "Bregoli, Andre"]
[Result "0-1"]
[WhiteElo "1690"]
[BlackElo "1800"]
[Annotator ",Erick"]
[PlyCount "59"]
[EventDate "2002.08.??"]
[SourceDate "2002.08.21"]

1. e4 e6 2. d4 d5 3. e5 c5 4. c3 Nc6 5. Nf3 Qb6 6. a3 cxd4 7. cxd4 Nh6 8. Bd3
Nf5 9. Bxf5 exf5 10. b4 Be6 11. O-O Be7 12. Nc3 O-O 13. Rb1 a6 14. Be3 Rfc8 15.
Na4 Qc7 16. Nc5 b6 17. Nd3 b5 18. Nc5 a5 19. Nxe6 fxe6 20. Ng5 Bxg5 21. Bxg5
axb4 22. axb4 Ra4 23. Qd2 Qb6 24. Rbc1 Rca8 25. h4 Ra2 26. Rc2 Ra1 27. Rfc1
Nxd4 28. Be3 Rxc1+ $5 29. Qxc1 {#} 29... Nxc2 $3 30. Qxc2 {
avec un gain aise apres quelques coups.} 0-1

[Event "Championnat de France - Open B"]
[Site "Val d'Isere"]
[Date "2002.08.28"]
[Round "7.1"]
[White "L'Huillier, Helene"]
[Black "Favreau, Francois"]
[Result "0-1"]
[WhiteElo "1780"]
[BlackElo "1990"]
[PlyCount "62"]
[EventDate "2002.08.??"]
[SourceDate "2002.08.21"]

1. d4 g6 2. c4 Bg7 3. Nf3 d6 4. Nc3 c6 5. e4 Qc7 6. Be2 e5 7. O-O Nf6 8. d5 O-O
9. h3 c5 10. a3 Ne8 11. b4 b6 12. bxc5 bxc5 13. Nb5 Qe7 14. Bg5 f6 15. Bh4 $2
g5 $1 16. Bg3 f5 17. Nd2 f4 18. Bh2 Nf6 19. Rb1 Kh8 20. f3 Rg8 21. Nb3 h5 22.
Na5 Bf8 23. Kh1 g4 24. Nc3 g3 25. Bg1 Ne8 26. Re1 Qh4 27. Bf1 Nf6 {#} 28. Nc6
Nxc6 29. dxc6 {#} 29... Ng4 $1 30. Nb5 (30. fxg4 hxg4 {
et l'attaque est irrestistible.}) 30... Nf2+ $1 31. Bxf2 gxf2 (31... gxf2 32.
Re2 Bxh3 33. gxh3 Rg1+ 34. Kh2 Qg3#) 0-1

[Event "Championnat de France - Open B"]
[Site "Val d'Isere"]
[Date "2002.08.28"]
[Round "7.2"]
[White "Lejeune, Gael"]
[Black "Rapin, Florian"]
[Result "1-0"]
[WhiteElo "1910"]
[BlackElo "1740"]
[PlyCount "43"]
[EventDate "2002.08.??"]
[SourceDate "2002.08.21"]

1. e4 e6 2. d4 d5 3. exd5 exd5 4. Bd3 Nf6 5. Bg5 Be7 6. h3 Be6 7. Nf3 Nbd7 8.
Nbd2 h6 9. Bf4 O-O 10. O-O c5 11. c3 c4 12. Bc2 b5 13. Ne5 Nxe5 14. dxe5 Nd7
15. Nf3 g5 16. Bg3 Re8 17. Nd4 Qb8 18. Qh5 Bf8 19. Nxe6 fxe6 20. Qg6+ Bg7 21.
Qh7+ Kf8 22. f4 1-0

[Event "Championnat de France - Open B"]
[Site "Val d'Isere"]
[Date "2002.08.28"]
[Round "7.3"]
[White "Wimmer, Gregory"]
[Black "Louvrier-Saint-Mary, Jean-Roger"]
[Result "0-1"]
[WhiteElo "1840"]
[BlackElo "2000"]
[PlyCount "80"]
[EventDate "2002.08.??"]
[SourceDate "2002.08.21"]

1. d4 Nf6 2. c4 e6 3. Nf3 Bb4+ 4. Bd2 Qe7 5. a3 Bxd2+ 6. Nbxd2 d6 7. e3 O-O 8.
Qc2 b6 9. Bd3 Bb7 10. O-O Nbd7 11. Rac1 h6 12. Rfe1 Ne8 13. b4 c5 14. Re2 Rc8
15. Qb1 g5 16. Rf1 Ng7 17. Qb3 f5 18. g3 e5 19. e4 f4 20. d5 Qf7 21. b5 Qh5 22.
Qd1 Rce8 23. a4 Bc8 24. Ree1 Nf6 25. Be2 Ng4 26. h4 fxg3 27. fxg3 Ne3 28. Nxe5
Rxf1+ 29. Nxf1 Nxd1 30. Bxh5 Nxh5 31. Nc6 Nb2 32. g4 Nf4 33. hxg5 hxg5 34. e5
Nbd3 35. Re3 Nxe5 36. Rxe5 dxe5 37. d6 Bxg4 38. Ne3 Be6 39. Nxa7 Kf7 40. Nd5
Nxd5 0-1

[Event "Championnat de France - Open B"]
[Site "Val d'Isere"]
[Date "2002.08.28"]
[Round "7.4"]
[White "Zermiche, Cherif"]
[Black "Charbonnel, Jean-Jacques"]
[Result "0-1"]
[WhiteElo "1850"]
[BlackElo "1960"]
[PlyCount "90"]
[EventDate "2002.08.??"]
[SourceDate "2002.08.21"]

1. e4 c5 2. Nc3 Nc6 3. Bc4 g6 4. f4 Bg7 5. Nf3 e6 6. d3 Nge7 7. O-O d5 8. Bb3
O-O 9. Qe1 a6 10. a4 Rb8 11. Qg3 b5 12. axb5 axb5 13. Nh4 c4 14. Ba2 Nd4 15. f5
Qb6 16. Be3 exf5 17. exf5 Nexf5 18. Nxf5 Bxf5 19. Kh1 Rfd8 20. Qf2 Qf6 21. g4
Bxg4 22. Qxf6 Bxf6 23. Rxf6 Nxc2 24. Bf4 Nxa1 25. Bxb8 Rxb8 26. Nxd5 cxd3 27.
Rf1 d2 28. Nf6+ Kg7 29. Nxg4 Re8 30. Kg2 Nc2 31. Bb3 Nd4 32. Rxf7+ Kh8 33. Nf6
Re2+ 34. Kg3 Nf5+ 35. Kf3 Rxh2 36. Ng4 Nd4+ 37. Ke3 Nxb3 38. Rd7 Rh1 39. Nf2
Re1+ 40. Kf3 Rb1 41. Ke2 Rxb2 42. Ne4 Rb1 43. Nc3 Re1+ 44. Kf2 b4 45. Rxd2 Nxd2
0-1

[Event "Championnat de France - Open B"]
[Site "Val d'Isere"]
[Date "2002.08.28"]
[Round "7.5"]
[White "Maillet, Arsene"]
[Black "Almagro, Luc"]
[Result "1-0"]
[WhiteElo "1730"]
[BlackElo "1890"]
[PlyCount "109"]
[EventDate "2002.08.??"]
[SourceDate "2002.08.21"]

1. e4 c6 2. d4 d5 3. e5 Qa5+ 4. Nc3 Bf5 5. Bd3 Bxd3 6. Qxd3 e6 7. Nge2 Ne7 8.
O-O Nd7 9. Bd2 Qc7 10. b4 Nc8 11. f4 g6 12. Kh1 Ncb6 13. a3 h5 14. Be1 Be7 15.
Qh3 O-O-O 16. Bh4 Nb8 17. Bxe7 Qxe7 18. Nd1 Nc4 19. Qd3 Nd7 20. Ne3 Nxe3 21.
Qxe3 Nb6 22. Nc1 Nc4 23. Qd3 Rdg8 24. Nb3 g5 25. f5 g4 26. fxe6 fxe6 27. Rf6
Rf8 28. Raf1 b6 29. Nd2 Nxd2 30. Qxd2 Rxf6 31. exf6 Qf7 32. Qf4 Kd7 33. Qe5 Rf8
34. Qg5 Rg8 35. Qh6 Kd6 36. Qf4+ Kd7 37. Qe5 Rf8 38. Kg1 Qg6 39. c3 Qh7 40. Qg5
Qf7 41. g3 Rg8 42. Qf4 Rf8 43. Kg2 Qg6 44. Rf2 Qe4+ 45. Qxe4 dxe4 46. Kf1 Kd6
47. Ke2 e5 48. Ke3 Ke6 49. Kxe4 exd4 50. cxd4 Kf7 51. Rf5 Re8+ 52. Re5 Rd8 53.
Kf5 Rxd4 54. Re7+ Kf8 55. Rxa7 1-0

[Event "Championnat de France - Open B"]
[Site "Val d'Isere"]
[Date "2002.08.28"]
[Round "8.1"]
[White "Favreau, Francois"]
[Black "Lejeune, Gael"]
[Result "1-0"]
[WhiteElo "1990"]
[BlackElo "1910"]
[PlyCount "71"]
[EventDate "2002.08.??"]
[SourceDate "2002.08.21"]

1. Nf3 g6 2. g3 Bg7 3. Bg2 f5 4. d3 Nf6 5. O-O d6 6. Nh4 e6 7. f4 c6 8. c3 Qb6+
9. e3 Nbd7 10. Qe2 O-O 11. Kh1 e5 12. e4 fxe4 13. dxe4 Nc5 14. fxe5 Bg4 15.
Qc4+ Be6 16. Qe2 Nfxe4 17. Rxf8+ Rxf8 18. Be3 d5 19. b4 Qa6 20. Qxa6 Nxa6 21.
Bd4 Bg4 22. h3 Be2 23. Bxe4 dxe4 24. Nd2 Bd3 25. Re1 Rd8 26. Nxe4 Nxb4 27. Nf6+
Bxf6 28. exf6 Nc2 29. Re7 Nxd4 30. cxd4 Rxd4 31. Rxb7 Be4+ 32. Kg1 Ra4 33. Rg7+
Kh8 34. g4 Rxa2 35. Re7 Bd5 36. Re8+ 1-0

[Event "Championnat de France - Open B"]
[Site "Val d'Isere"]
[Date "2002.08.28"]
[Round "8.2"]
[White "Louvrier-Saint-Mary, Jean-Roger"]
[Black "Maillet, Arsene"]
[Result "1-0"]
[WhiteElo "2000"]
[BlackElo "1730"]
[PlyCount "59"]
[EventDate "2002.08.??"]
[SourceDate "2002.08.21"]

1. Nf3 Nf6 2. b3 d6 3. Bb2 e5 4. e3 Nc6 5. Be2 Be7 6. c4 Be6 7. O-O Qd7 8. a3
a6 9. d4 exd4 10. exd4 d5 11. Ne5 Nxe5 12. dxe5 Ne4 13. f3 Bc5+ 14. Bd4 Bxd4+
15. Qxd4 c5 16. Qe3 d4 17. Qxe4 Bf5 18. Qd5 Qe7 19. Qd6 Qxd6 20. exd6 d3 21.
Bd1 Kd7 22. g4 Bg6 23. Nc3 Rae8 24. f4 f5 25. Bf3 Re3 26. Nd5 Re6 27. Rad1 Kxd6
28. g5 Rhe8 29. Rxd3 b5 30. Nf6+ 1-0

[Event "Championnat de France - Open B"]
[Site "Val d'Isere"]
[Date "2002.08.28"]
[Round "8.3"]
[White "Charbonnel, Jean-Jacques"]
[Black "Gay, Emmanuel"]
[Result "1-0"]
[WhiteElo "1960"]
[BlackElo "1810"]
[PlyCount "103"]
[EventDate "2002.08.??"]
[SourceDate "2002.08.21"]

1. Nf3 d5 2. g3 c5 3. Bg2 Nf6 4. O-O g6 5. d3 Bg7 6. Nbd2 O-O 7. e4 Nc6 8. Re1
h6 9. c3 e5 10. Qe2 dxe4 11. dxe4 Be6 12. Nh4 Qc7 13. Nc4 b5 14. Ne3 a6 15. Nd5
Qb8 16. Be3 Nd7 17. f4 Bxd5 18. exd5 Na5 19. Rad1 Qd6 20. fxe5 Nxe5 21. Bxh6
Bxh6 22. Qxe5 Qxe5 23. Rxe5 Nc4 24. Re2 Nd6 25. Nf3 Rfe8 26. Rde1 Rxe2 27. Rxe2
Re8 28. Rxe8+ Nxe8 29. c4 bxc4 30. Bf1 Nd6 31. Ne5 Bc1 32. Nxc4 Nxc4 33. Bxc4
Bxb2 34. Bxa6 Be5 35. a4 Kf8 36. g4 g5 37. h3 Ke7 38. Kg2 Kd6 39. Bc4 Bc3 40.
Kf3 f6 41. Ke4 Ba5 42. Bb3 Bd8 43. Kd3 Kc7 44. Kc4 Be7 45. Kb5 Bd6 46. a5 c4
47. Bxc4 Bf4 48. Bd3 Bd2 49. Be4 Be1 50. d6+ Kxd6 51. Kb6 Ke5 52. Bf5 1-0

[Event "Championnat de France - Open B"]
[Site "Val d'Isere"]
[Date "2002.08.28"]
[Round "8.4"]
[White "Rolland, Benjamin"]
[Black "Gaffe, Yoann"]
[Result "0-1"]
[WhiteElo "1980"]
[BlackElo "1830"]
[PlyCount "70"]
[EventDate "2002.08.??"]
[SourceDate "2002.08.21"]

1. e4 e5 2. f4 exf4 3. Nf3 g5 4. h4 g4 5. Ne5 d6 6. Nxg4 Be7 7. d4 Bxh4+ 8. Kd2
Nf6 9. Nxf6+ Qxf6 10. c3 c5 11. Qh5 Bg5 12. dxc5 dxc5 13. Kc2 Be6 14. Nd2 h6
15. Nf3 Rg8 16. g3 fxg3 17. Bxg5 hxg5 18. Rg1 g4 19. Rxg3 Nd7 20. Bb5 O-O-O 21.
Bxd7+ Bxd7 22. Qxc5+ Qc6 23. Qxc6+ Bxc6 24. Nd2 Bd7 25. Rf1 Be6 26. c4 Rh8 27.
Rf2 Rh5 28. Kc3 f5 29. Rf4 b6 30. e5 Rh2 31. Nf1 Rh1 32. Ne3 Rc1+ 33. Kb4 a5+
34. Ka4 Rd3 35. Rf2 Bd7# 0-1

[Event "Championnat de France - Open B"]
[Site "Val d'Isere"]
[Date "2002.08.28"]
[Round "8.5"]
[White "Fauvel, Alexandre"]
[Black "Poulain, Yves"]
[Result "1-0"]
[WhiteElo "1850"]
[BlackElo "1830"]
[PlyCount "87"]
[EventDate "2002.08.??"]
[SourceDate "2002.08.21"]

1. d4 d5 2. c4 e5 3. dxe5 d4 4. Nf3 Nc6 5. g3 Bg4 6. Nbd2 Qd7 7. h3 Bh5 8. a3
O-O-O 9. b4 d3 10. Bb2 f6 11. Qa4 dxe2 12. Bxe2 Nxe5 13. Qxd7+ Nxd7 14. O-O Nh6
15. Rfe1 Nf7 16. Rad1 Bxf3 17. Nxf3 Bd6 18. c5 Be5 19. Nxe5 Ndxe5 20. f4 Rxd1
21. Rxd1 Nc6 22. Bg4+ Kb8 23. Rd7 Ncd8 24. Bf3 Rf8 25. Re7 Nc6 26. Rd7 Kc8 27.
Bg4 Kb8 28. Be6 Ncd8 29. Bc4 Kc8 30. Re7 Nc6 31. Rxf7 Rxf7 32. Bxf7 a5 33. b5
Nd8 34. Bg8 h6 35. a4 Kd7 36. Bd4 Ne6 37. Bxe6+ Kxe6 38. b6 c6 39. Kf2 Kd5 40.
Ke3 g5 41. f5 Kc4 42. Bxf6 Kxc5 43. Bd4+ Kb4 44. f6 1-0

[Event "Championnat de France - Open B"]
[Site "Val d'Isere"]
[Date "2002.08.??"]
[Round "9.1"]
[White "Charbonnel, Jean-Jacques"]
[Black "Favreau, François"]
[Result "0-1"]
[WhiteElo "1960"]
[BlackElo "1990"]
[Annotator ",Erick"]
[PlyCount "28"]
[EventDate "2002.08.??"]
[SourceDate "2002.08.21"]

1. Nf3 g6 2. g3 Bg7 3. Bg2 e5 4. d3 c6 5. O-O Ne7 6. e4 O-O 7. Nc3 d6 8. Nd2 f5
9. exf5 Nxf5 10. Nb3 a5 11. a4 Na6 12. Ne2 Be6 13. c3 Qc7 14. f4 Qb6+ {Gloups!}
0-1

[Event "Championnat de France - Open B"]
[Site "Val d'Isere"]
[Date "2002.08.??"]
[Round "9.2"]
[White "Lejeune, Gael"]
[Black "Louvrier-Saint-Mary, Jean-Roger"]
[Result "1-0"]
[WhiteElo "1910"]
[BlackElo "2000"]
[PlyCount "52"]
[EventDate "2002.08.??"]
[SourceDate "2002.08.21"]

1. d4 Nf6 2. Nc3 d5 3. e4 dxe4 4. f3 Bf5 5. Bg5 e3 6. Bc4 Qd6 7. Nge2 e6 8.
Bxe3 Be7 9. Qd2 c6 10. a3 Nd5 11. Nxd5 exd5 12. Bb3 Nd7 13. Bf4 Qe6 14. O-O-O
Nb6 15. g4 Bg6 16. Ng3 Nc4 17. Bxc4 dxc4 18. Rhe1 c3 19. Qxc3 Qd5 20. Qb4 Qd7
21. Rxe7+ Qxe7 22. Re1 Qxe1+ 23. Qxe1+ Kd7 24. Qe5 Rhd8 25. h4 f6 26. Qa5 Ke8
1-0

[Event "Championnat de France - Open B"]
[Site "Val d'Isere"]
[Date "2002.08.??"]
[Round "9.3"]
[White "Cantero, Jorge"]
[Black "Fauvel, Alexandre"]
[Result "1-0"]
[WhiteElo "1790"]
[BlackElo "1850"]
[PlyCount "61"]
[EventDate "2002.08.??"]
[SourceDate "2002.08.21"]

1. e4 c5 2. Nf3 d6 3. d4 cxd4 4. Nxd4 Nf6 5. Nc3 a6 6. Bg5 e6 7. f4 Be7 8. Qf3
Qc7 9. O-O-O Nbd7 10. Be2 Rb8 11. g4 b5 12. Bxf6 Nxf6 13. g5 Nd7 14. f5 Bxg5+
15. Kb1 Ne5 16. Qh5 Bf6 17. fxe6 g6 18. Nd5 Qd8 19. Qh6 fxe6 20. Nxf6+ Qxf6 21.
Rhf1 Qe7 22. Rf2 Rb7 23. Nb3 Rc7 24. Qd2 Nf7 25. Rdf1 Ng5 26. h4 Nxe4 27. Qd4
Nxf2 28. Qxh8+ Kd7 29. Rxf2 Qxh4 30. Rf7+ Kc6 31. Qc3+ 1-0

[Event "Championnat de France - Open B"]
[Site "Val d'Isere"]
[Date "2002.08.??"]
[Round "9.4"]
[White "Gaffe, Yoann"]
[Black "L'Huillier, Helene"]
[Result "1/2-1/2"]
[WhiteElo "1830"]
[BlackElo "1780"]
[PlyCount "150"]
[EventDate "2002.08.??"]
[SourceDate "2002.08.21"]

1. e4 e5 2. Nf3 Nc6 3. Nc3 Nf6 4. d4 exd4 5. Nxd4 Bb4 6. Nxc6 bxc6 7. Bd3 O-O
8. O-O Re8 9. Qf3 Qe7 10. Bg5 Bxc3 11. bxc3 d6 12. Rfe1 Qe5 13. Bxf6 Qxf6 14.
Qxf6 gxf6 15. Rab1 Be6 16. Rb7 Rec8 17. a3 h6 18. f3 Kf8 19. Kf2 Ke7 20. f4 a5
21. f5 Bd7 22. Reb1 c5 23. Bb5 Bxb5 24. R1xb5 Kd7 25. a4 Re8 26. Kf3 Kc6 27. c4
Rg8 28. g3 Rge8 29. c3 Rg8 30. Rb1 Rge8 31. R7b5 Rg8 32. g4 Rge8 33. Kf4 Kd7
34. h4 Rg8 35. Rg1 Rg7 36. Rg3 Kc6 37. g5 fxg5+ 38. hxg5 Rag8 39. Rxa5 Rxg5 40.
Rxg5 hxg5+ 41. Kg4 f6 42. Rb5 Re8 43. Kf3 Ra8 44. a5 Kd7 45. Kg4 Kc8 46. e5
dxe5 47. Rxc5 Kb7 48. Rb5+ Kc6 49. Kf3 Ra7 50. Rd5 Ra6 51. Ke4 Kb7 52. Rb5+ Kc6
53. Rd5 Kb7 54. Rb5+ Kc8 55. Rd5 Rd6 56. Rb5 Kd7 57. Ke3 Rc6 58. Rb4 Ra6 59.
Rb5 Ra7 60. Ke4 c6 61. Rb8 g4 62. Rg8 Rxa5 63. Rxg4 Ra4 64. Kd3 Ra1 65. Rg7+
Ke8 66. Rc7 Rf1 67. Rxc6 Rxf5 68. c5 Kd7 69. Rd6+ Kc7 70. Ke4 Rf1 71. Kd5 Rd1+
72. Ke6 Rxd6+ 73. cxd6+ Kd8 74. Kd5 Kd7 75. c4 e4 1/2-1/2

[Event "Championnat de France - Open B"]
[Site "Val d'Isere"]
[Date "2002.08.??"]
[Round "9.5"]
[White "Iwaszko, Piotr"]
[Black "Wimmer, Gregory"]
[Result "1-0"]
[WhiteElo "2000"]
[BlackElo "1840"]
[PlyCount "109"]
[EventDate "2002.08.??"]
[SourceDate "2002.08.21"]

1. d4 d5 2. Nf3 Bf5 3. c4 e6 4. Nc3 c6 5. Bg5 f6 6. Bf4 Bb4 7. cxd5 exd5 8. e3
Ne7 9. Bd3 O-O 10. O-O Nd7 11. Qc2 Bxd3 12. Qxd3 Re8 13. Ne2 Nf8 14. a3 Ba5 15.
b4 Bb6 16. Nc3 g5 17. Bg3 Nfg6 18. Na4 Bc7 19. Bxc7 Qxc7 20. Nc5 b6 21. Nb3 g4
22. Nfd2 Kf7 23. Rfc1 a6 24. a4 h5 25. b5 axb5 26. axb5 Rxa1 27. Nxa1 c5 28.
dxc5 bxc5 29. Qc3 c4 30. Nab3 h4 31. Nf1 Rb8 32. Nd4 h3 33. g3 Qe5 34. Nd2 Nf5
35. Nxf5 Qxf5 36. e4 Qe5 37. Qa5 Rb7 38. b6 dxe4 39. Qa6 Qe7 40. Qxc4+ Qe6 41.
Rb1 e3 42. fxe3 Qxc4 43. Nxc4 Ke7 44. Na5 Rxb6 45. Rxb6 Nf8 46. Nc6+ Kd6 47.
Nd4+ Ke5 48. Rb7 Ke4 49. Re7+ Kd3 50. Rf7 Ng6 51. Rxf6 Ne5 52. Re6 Nc4 53. Nf5
Na3 54. Nh6 Nc2 55. Kf2 1-0

[Event "Championnat de France - Open B"]
[Site "Val d'Isere"]
[Date "2002.08.??"]
[Round "9.30"]
[White "Tarayre, Pascal"]
[Black "Castejon, Nicolas"]
[Result "1-0"]
[WhiteElo "1820"]
[BlackElo "1720"]
[Annotator ",Erick"]
[PlyCount "51"]
[EventDate "2002.08.??"]
[SourceDate "2002.08.21"]

1. e4 e5 2. f4 exf4 3. Nf3 g5 4. h4 g4 5. Ng5 d6 6. Bc4 Nh6 7. d4 Qe7 8. Nc3 c6
9. O-O f6 10. Bxf4 Rg8 11. Bxg8 Nxg8 12. e5 dxe5 13. dxe5 fxg5 14. Bxg5 Qc5+
15. Kh1 Be7 16. Qd2 Nd7 17. Rad1 h6 18. e6 Ndf6 19. Ne4 Qe5 20. Nxf6+ Nxf6 {#}
21. Rxf6 $1 hxg5 22. Rg6 Qh8 23. Qf2 Qxh4+ 24. Qxh4 gxh4 25. Rg8+ Bf8 26. Rf1
1-0

[Event "Championnat de France - Open B"]
[Site "Val d'Isere"]
[Date "2002.08.??"]
[Round "9.101"]
[White "Wielezinski, Olivier"]
[Black "Schmaltz, Gerard"]
[Result "1-0"]
[WhiteElo "1590"]
[BlackElo "1710"]
[PlyCount "67"]
[EventDate "2002.08.??"]
[SourceDate "2002.08.21"]

1. e4 e6 2. d4 d5 3. Nc3 Bb4 4. a3 Bxc3+ 5. bxc3 dxe4 6. f3 exf3 7. Nxf3 b6 8.
Bc4 Nf6 9. O-O Bb7 10. Bg5 h6 11. Bh4 Bd5 12. Bd3 g5 13. Bg3 Nbd7 14. Qe2 Nh5
15. Ne5 Nxg3 16. hxg3 Nxe5 17. Qxe5 Rf8 18. Rf6 Qd6 19. Qe3 Qc6 20. Raf1 Qd6
21. c4 Bb7 {#} 22. d5 Qxa3 23. dxe6 Qc5 24. exf7+ Kd8 25. Qxc5 bxc5 26. Re1 a5
27. Bg6 Kd7 28. Bf5+ Kd8 29. Rd1+ Ke7 30. Re6+ Kxf7 31. Rd7+ Kg8 32. Rg6+ Kh8
33. Rxh6+ Kg8 34. Bh7+ 1-0